| 000 | 00926nam a22002177a 4500 | ||
|---|---|---|---|
| 999 |
_c11188 _d11188 |
||
| 003 | AR-CdUCM | ||
| 008 | 190403b ||||| |||| 00| 0 spa d | ||
| 040 |
_aMUNICIPALIDAD PROVINCIAL DEL CUSCO _cBIBLIOTECA MUNICIPAL DEL CUSCO |
||
| 082 |
_a784.184 / _bL53 / 1943 |
||
| 100 |
_aLeuchter, Erwin, _928413 |
||
| 245 | _aLa sinfonía : su evolución y su estructura / | ||
| 260 |
_aRosario, Argentina : _bDirección Municipal de Cultura, _c1943. |
||
| 300 |
_a146 paginas ; _bCuadros de pentagramas, _c23 cm. |
||
| 505 | _aContenido : Los antecedentes históricos de la sinfonía -- La estructura formal de la sinfonía -- El aspecto sonoro de la sinfonía -- La evolución de la sinfonía desde 1750 hasta afines del siglo XIX. | ||
| 650 |
_aSinfonia _928414 |
||
| 650 |
_aInstrumentos musicales _95853 |
||
| 650 |
_aMonotematica _928415 |
||
| 650 |
_aSonido instrumental _928416 |
||
| 942 |
_2ddc _cLIBROS |
||
| 945 | _awnts | ||